000 01745nam a22003617a 4500
003 OSt
005 20250820142053.0
008 210915b2009 ck a|||er|||| 00| j spa d
020 _a9789588471129
040 _aCO-JMCR
_cCO-JMCR
041 0 _aspa
082 0 4 _aA-C
_bGROp
_223
100 1 _aGroot, José Manuel,
_eautor
_940428
245 1 0 _aPor la sabana de Bogotá y otras historias /
_cJosé Manuel Groot, Daniel Samper Ortega, Eduardo Castillo [y otros 2] ; ilustraciones de Olga Lucía García ; Selección de Beatriz Helena Robledo e introducción de Julio Paredes Castro
250 _aPrimera edición
260 _aBogotá :
_bAlcaldía Mayor de Bogotá : Secretaría de Cultura, Recreación y Deporte : Fundación Gilberto Alzate Avendaño,
_c2009
300 _a77 páginas ;
_c17 cm.
490 0 _aLibro al viento ;
_v59
505 0 _tNos fuimos a Ubaque. Nos quedamos en Chipaque. Llegamos a Ubaque /
_rJosé Manuel Groot
_tAcuarela de la sabana /
_rDaniel Samper Ortega
_tEl tesoro /
_rEduardo Castillo
_tEl aguinaldo /
_rGabriel Vélez
_tYerbabuena /
_rJosé Alejandro Bermúdez
650 1 4 _aCuentos colombianos
_ySiglo XIX
_940429
650 2 4 _aHistorias bogotanas
_940430
650 2 4 _aLiteratura colombiana
_940431
650 2 4 _aFicción en la literatura
_940432
650 2 4 _aHumor en la literatura
_940397
650 2 4 _aViajes en la literatura
_910007
650 2 4 _aNavidad en la literatura
_92926
700 1 _aOrtega, Daniel Samper,
_eautor
_940433
700 1 _aCastillo, Eduardo,
_eautor
_940434
700 1 _aGarcía, Olga Lucía,
_eilustradora
_940435
700 1 _aRobledo, Beatriz Helena,
_ecompiladora
_99479
700 1 _aParedes Castro, Julio,
_eautor de introducción
_914038
942 _2ddc
_cBK
999 _c15599
_d15599